000 01597nam a22002297a 4500
008 110817t1993 ua||||gr|||| 000 0 ara d
020 _a9775091144
082 _222
_a330.09
_bب ر و
100 _926774
_aبرودل،فرنان
245 _aالحضارة المادية و الاقتصادية و الرأسمالية :
_bمن القرن الخامس عشر حتى القرن الثامن عشر /
_cتأليف فرنان برودل ؛ترجمة مصطفى ماهر
260 _aالقاهرة:
_bدار الفكر للدراسات و النشر و التوزيع،1993.
_c1993.
300 _a2 مج ؛
_c24سم.
505 _aج1، الحياة اليومية وبنيانها اللمكن والمستحيل -- ج2، التبادل التجاري وعملياته
650 _921754
_aالاقتصاد
_xتاريخ
_yمن القرن الخامس عشر حتى القرن الثامن عشر
650 _915470
_aالعلاقات الاقتصادية الدولية
653 _bGeneral
_cAugust2011
700 _926775
_a؛ماهر،مصطفى
_cمترجم
942 _2ddc
_cBB
999 _c15860
_d15860